| 000 | 00967nam a2200277 i 4500 | ||
|---|---|---|---|
| 001 | 53848 | ||
| 003 | KOSZ 005 | ||
| 005 | 20220729132703.0 | ||
| 008 | 070103s1974 pl a f |000 0 pol | ||
| 015 | _aPB 1974/8775 | ||
| 040 |
_aWA N _cWA N _dKOSZ 005/HR |
||
| 046 | _k1974 | ||
| 080 | _a005.31 | ||
| 080 | _a519.87 | ||
| 100 | 1 |
_aKoźmiński, Andrzej Krzysztof _d(1941- ) _eAutor |
|
| 245 | 1 | 0 |
_aZarządzanie : _banaliza systemowa procesów i struktur / _cAndrzej K. Koźmiński. |
| 260 |
_aWarszawa : _bPańst. Wydaw. Ekonomiczne, _c1974. |
||
| 300 |
_a204 s., [1] k. tabl. : _bil. ; _c18 cm. |
||
| 650 | 4 | _aAnaliza systemowa | |
| 650 | 4 | _aZastosowanie i wykorzystanie | |
| 650 | 4 | _aZarządzanie | |
| 658 | _aZarządzanie i marketing | ||
| 710 | 2 |
_aPaństwowe Wydawnictwo Ekonomiczne _4pbl. |
|
| 856 |
_uhttp://koha.tu.koszalin.pl/cgi-bin/koha/opac-detail.pl?biblionumber=53848 _yKatalog online BPK |
||
| 942 |
_2UKD _cKS |
||
| 999 |
_c53848 _d53848 |
||